Państwa Azji - Pierwsza Litera - Statystyki

Ogólne statystyki
  • Ten quiz został rozwiązany 43 razy
  • Średni wynik to 23 z 48
Odpowiedzi na mapie
Odpowiedzi zakodowano w zielono-czerwonej skali na mapie do tego quizu, zgodnie z poniższymi procentami.
 
Statystyki odpowiedzi
Odpowiedż % Poprawnych
Azerbejdżan
73%
Afganistan
62%
Filipiny
62%
Mongolia
62%
Bhutan
58%
Kirgistan
58%
Korea Południowa
58%
Mjanma
58%
Oman
58%
Sri Lanka
58%
Arabia Saudyjska
54%
Korea Północna
54%
Singapur
54%
Tadżykistan
54%
Tajlandia
54%
Bahrajn
50%
Brunei
50%
Irak
50%
Kuwejt
50%
Syria
50%
Tajwan
50%
Turkmenistan
50%
Wietnam
50%
Armenia
46%
Bangladesz
46%
Indie
46%
Indonezja
46%
Iran
46%
Jemen
46%
Kambodża
46%
Laos
46%
Malezja
46%
Turcja
46%
Uzbekistan
46%
Chiny
42%
Cypr
42%
Gruzja
42%
Japonia
42%
Katar
42%
Kazachstan
42%
Nepal
42%
Zjednoczone Emiraty Arabskie
42%
Jordania
38%
Timor Wschodni
38%
Liban
35%
Malediwy
35%
Pakistan
35%
Izrael
23%
Nie znaleziono quizów pasujących do podanych kryteriów
Rozkład punktacji
Procent ludzi z każdym wynikiem
Percentyl według liczby udzielonych odpowiedzi
Twoja historia wyników
Nie rozwiązałeś tego quizu